| 000 | 00668nam a2200205Ia 4500 | ||
|---|---|---|---|
| 999 |
_c11197 _d11197 |
||
| 082 | _a025.04 PAR-; | ||
| 245 | 0 | _aBridging the divide: perspectives of an information professional:selected works of Prof.Harsha Parekh | |
| 260 |
_aMumbai _bSHPT School of Library Science Past Stud _c2003 |
||
| 300 | _ax, 310p. | ||
| 650 | _aInformation scientists | ||
| 650 | _aInformation organization | ||
| 650 | _aWomen's studies | ||
| 650 | _aDigital communications | ||
| 650 | _aKnowledge management | ||
| 650 | _aFemale studies | ||
| 650 | _aInformation storage and retrieval systems - Management | ||
| 700 | _aSen, Bharati | ||
| 700 | _aJani, Nila | ||
| 942 |
_cBK _2ddc |
||